| 000 | 00569nam a22001937a 4500 | ||
|---|---|---|---|
| 003 | BUBTL | ||
| 008 | 170528b xxu||||| |||| 00| 0 eng d | ||
| 020 | _a978-1-4987-7788-9 | ||
| 082 | _a687.068BRF | ||
| 100 |
_91234 _aBrahams,Stanley Bernard |
||
| 245 | _aThe Fundamentals of Quality Assurance in the Textile Industry | ||
| 260 |
_aBoca Raton _bCRC Press _cc2017 |
||
| 300 |
_a[xxi],209p. _c21cm. |
||
| 650 | 0 |
_9909 _aTextile Engineering |
|
| 700 |
_91235 _aBrahams,Stanley Bernard |
||
| 856 |
_k0 _l0 _yDownload |
||
| 942 |
_2ddc _cBK |
||
| 999 |
_c5468 _d5468 |
||